000 00273nam a2200121Ia 4500
008 191201s2017 xx 000 0 und d
100 _aSINHA, SN
245 0 _aReinforced Concrete Design
260 _bTMH
_c2017
300 _aMISC
650 _aB.Tech(CE)
942 _2ddc
_cBK
999 _c7091
_d7091